O alternatívnych formách financovania bývania v SR

Vývoj a história hypotekárneho trhu na Slovensku. Porovnanie jednotlivých produktov, určených na financovanie bývania na Slovensku. Forma financovania rekonštrukcie už získanej nehnuteľnosti v podobe spotrebných úverov a úverov zabezpečených nehnuteľnosťou.

Salvato in:
Dettagli Bibliografici
Autore principale: Žuffová, Aneta
Altri autori: Pilch, Ctibor, 1957-
Natura: Capitolo di libro
Lingua:slovacco
Soggetti:
Tags: Aggiungi Tag
Nessun Tag, puoi essere il primo ad aggiungerne!!

MARC

LEADER 00000nla a2200000 4500
001 0192662
005 20240502073231.0
041 0 |a slo 
044 |a SK 
245 1 0 |a O alternatívnych formách financovania bývania v SR  |c Aneta Žuffová, Ctibor Pilch 
520 |a Vývoj a história hypotekárneho trhu na Slovensku. Porovnanie jednotlivých produktov, určených na financovanie bývania na Slovensku. Forma financovania rekonštrukcie už získanej nehnuteľnosti v podobe spotrebných úverov a úverov zabezpečených nehnuteľnosťou. 
610 2 0 |a bývanie 
610 2 0 |a Slovensko 
610 2 0 |a sporenie stavebné 
610 2 0 |a bankovníctvo hypotekárne 
100 1 |a Žuffová, Aneta 
700 1 |a Pilch, Ctibor, 1957-